| 000 | 00438nam a2200157 a 4500 | ||
|---|---|---|---|
| 020 | _a0697125475 | ||
| 040 | _cDLC | ||
| 082 | 0 | 0 | _a780 BRO 1994 A088 Or. |
| 100 | 1 | _aStolba, K Marie. | |
| 245 | 1 | 4 |
_aThe development of western music : _ba history / |
| 250 | _a2nd ed. | ||
| 260 |
_aMadison, Wis. : _bBrown & Benchmark, _cc1994. |
||
| 300 |
_axvii, 734 p., 32 p. of plates : _bill. (some col.) ; _c24 cm. |
||
| 650 | 0 | _aMusic | |
| 942 | _cEK | ||
| 999 |
_c14823 _d14823 |
||